| 000 | 00877nas a2200277 4500 | ||
|---|---|---|---|
| 001 | BR8300477 | ||
| 003 | BR-BrBNA | ||
| 005 | 20231205085419.0 | ||
| 007 | ta | ||
| 008 | 230509b bl.|||p| |||| 00| 00por d | ||
| 040 |
_aBR-BrBNA _bpor _cBiblioteca Nacional de Agricultura |
||
| 041 | _a(Pt) | ||
| 072 | _aF60 | ||
| 100 | 1 | _aMachado, J.W.B. | |
| 100 | 1 | _aAlencar, F.O.C.C. de | |
| 100 | 1 | _aMoreira Filho, R. | |
| 100 | 1 | _aAraujo, H.A. de | |
| 245 | 1 | _aNotas sobre a propagacao vegetativa de Bauhinia blakeana Dunn. [unha de vaca roxa] | |
| 246 | 1 | _a[Notes on the propagation of Bauhinia blakeana Dunn.] | |
| 650 | _aUNHA DE VACA ROXA | ||
| 650 | _aREPRODUCAO VEGETAL | ||
| 650 | _aBORBULHIA | ||
| 773 | 0 |
_tBrasil Florestal (Brazil) _xISSN 0045-270X _g(Oct 1982), v. 12(52) p. 55-58 _wBR8300477 |
|
| 909 |
_a202311 _bLúcia _c55 _dLúcia Elande |
||
| 942 |
_2AGRIS _n0 _cANA |
||
| 999 |
_c111299 _d111299 |
||